The bride price

Bibliographic Details
Main Author: Emecheta, Buchi
Other Authors: Border, Rosemary
Format: Book
Language:English
Published: Oxford Oxford University Press 2000
Series:Oxford bookworms library
Subjects:
LEADER 00567cam a2200193 a 4500
001 0000132069
005 20120524090000.0
040 |a mod 
041 |a eng 
020 |a 0194230597 
090 0 0 |a FK  |b BUC  |e 2000 
100 1 |a Emecheta, Buchi  
245 1 0 |a The bride price  |c Buchi Emecheta  |f retold by Rosemary Border 
260 |a Oxford  |b Oxford University Press  |c 2000 
300 |a 104 p.  |b ill.  |c 20 cm 
490 0 |a Oxford bookworms library 
650 0 0 |a English fiction 
700 1 |a Border, Rosemary 
999 |a B000017782  |b IJED  |d BOOKS  |e Fiksyen (F)  |f 4 DIV  |j AVAILABLE  |q GOOD CONDITION